000 00595nam a2200241 i 4500
001 bgj
100 1 _aWEBB, Charles
_d(1939- ).
245 1 0 _aThe Graduate /
_cCharles Webb.
260 _a[New York] :
_bNew American Library,
_cc. 1963.
300 _a191 pp ;
_c22 cm.
650 9 _aCollege graduates
650 9 _aMothers and daughters
650 9 _aMistresses
650 9 _aYoung men
650 9 _aBildungsromanes
650 9 _aLove stories
655 _aFiction
020 _ahbk
040 _cBPK
041 0 _aeng
942 _cKS
008 s uk f |000 0 eng
999 _c48050
_d48050
856 _uhttp://koha.tu.koszalin.pl/cgi-bin/koha/opac-detail.pl?biblionumber=48050
_yKatalog online BPK